les 10 villes qui ont le plus de bars - Statistiques

Statistiques générales
  • Ce quiz a été pris 243 fois
  • Le résultat moyen est 6 sur 10
Statistiques - réponses
Nombre d'habitants pour un bar Villes % Correct
1964 Paris
99%
1440 Lille
84%
1767 Lyon
82%
1672 Bordeaux
75%
1670 Rennes
73%
1727 Nantes
70%
2237 Montpellier
58%
2021 Angers
39%
1404 Rouen
33%
1691 Grenoble
31%
Aucun quiz correspondant
Distribution des résultats
% des personnes avec chaque résultat
Percentile par nombre de réponses
Votre historique - résultats
Vous n’avez pas pris ce quiz